000 00436nam a2200181Ia 4500
001 12721
005 20260306163002.0
008 260306t2019||||xx |||||||||||||| ||spa||
041 _aESP
082 _aHR 720
_bDIC 2019 A-RAP
100 _aKahatt, Sharif S.
_eAUT
245 0 _aA:
_brevista arquitectura PUCP
260 _c2019
300 _a112 páginas :
_c28 cm.
650 _aGEN
654 _aCAU
942 _cREV
_dJUS
_fJUS
_2ddc
_n
999 _c12721
_d12721